Let's read about-- Pocahontas / (Record no. 3535)

MARC details
000 -LEADER
fixed length control field 01176cam a2200301 a 4500
005 - DATE AND TIME OF LATEST TRANSACTION
control field 20240318092559.0
020 ## - INTERNATIONAL STANDARD BOOK NUMBER
International Standard Book Number 078073003990
040 ## - CATALOGING SOURCE
Original cataloging agency DAJ
Transcribing agency DAJ
Modifying agency DLC
Language of cataloging eng
050 00 - LIBRARY OF CONGRESS CALL NUMBER
Classification number E99.P85
082 00 - DEWEY DECIMAL CLASSIFICATION NUMBER
Classification number 975.5
100 1# - MAIN ENTRY--PERSONAL NAME
Personal name Weinberger, Kimberly
245 10 - TITLE STATEMENT
Title Let's read about-- Pocahontas /
Statement of responsibility, etc. by Kimberly Weinberger ; illustrated by Stephen Marchesi
250 ## - EDITION STATEMENT
Edition statement First printing, November 2003
260 ## - PUBLICATION, DISTRIBUTION, ETC.
Place of publication, distribution, etc. New York :
Name of publisher, distributor, etc. Scholastic,
Date of publication, distribution, etc. 2003
300 ## - PHYSICAL DESCRIPTION
Extent 32 unnumbered pages :
Other physical details color illustrations ;
Dimensions 24 cm.
490 ## - SERIES STATEMENT
Series statement Scholastic First Biographies
505 ## - FORMATTED CONTENTS NOTE
Formatted contents note M <br/>
520 ## - SUMMARY, ETC.
Summary, etc. A biography of Pocahontas, the Powhatan Indian woman famous for rescuing John Smith, and who was herself kidnapped and taken to live at Jamestown, where she eventually married colonist John Rolfe.
521 ## - TARGET AUDIENCE NOTE
Target audience note 530 <br/>
Source Lexile estimate
521 ## - TARGET AUDIENCE NOTE
Target audience note M <br/>
Source Raz-Plus <br/>
650 #0 - SUBJECT ADDED ENTRY--TOPICAL TERM
Topical term or geographic name entry element Powhatan women
Form subdivision Biography
-- Juvenile literature
650 #0 - SUBJECT ADDED ENTRY--TOPICAL TERM
Topical term or geographic name entry element Powhatan Indians
General subdivision Social life and customs
Form subdivision Juvenile literature
650 #1 - SUBJECT ADDED ENTRY--TOPICAL TERM
Topical term or geographic name entry element Women
Form subdivision Biography
700 1# - ADDED ENTRY--PERSONAL NAME
Personal name Marchesi, Stephen
Relator term illustrator
906 ## - LOCAL DATA ELEMENT F, LDF (RLIN)
a 7
b cbc
c copycat
d 2
e ncip
f 20
g y-gencatlg
942 ## - ADDED ENTRY ELEMENTS (KOHA)
Source of classification or shelving scheme Dewey Decimal Classification
Koha item type Books
Suppress in OPAC No
999 ## -
-- 3535
-- 3535
Holdings
Withdrawn status Lost status Source of classification or shelving scheme Damaged status Not for loan Collection Home library Current library Shelving location Date acquired Total Checkouts Full call number Barcode Date last seen Price effective from Koha item type
    Dewey Decimal Classification     Non-Fiction Footprints International School Library Network Toul Kork Campus Footprints International School Library Network Toul Kork Campus   03/18/2024   WEI 975.5 E99.P85 FISBK05517 03/18/2024 03/18/2024 Books